Dinosaur Countries Quiz Stats

 Plays Quiz not verified by Sporcle

Support Sporcle.
Go Orange.
Score 0/20 Timer 02:00
0 Plays Today
# of Fossils Country % Correct
151United States
98.4%
87China
93.3%
64Canada
89%
11Russia
84.9%
5Brazil
81.4%
25France
80.9%
67United Kingdom
80.8%
36Germany
77.3%
46Argentina
76.8%
22Australia
74.6%
# of Fossils Country % Correct
21India
69.8%
8Egypt
65%
7Japan
63.2%
66Mongolia
60.1%
27South Africa
58.8%
8Niger
26.8%
17Portugal
26.7%
11Tanzania
20.9%
10Madagascar
18.6%
9Romania
13.5%

You're not logged in!

Compare scores with friends on all Sporcle quizzes.
OR
Log In
Forgot?

From the Vault

Americas' Populous Cities

by Matt

Ever since these new worlds were 'discovered', it seems everyone wants to live here now.
Remove Ads.
Support Sporcle.
Get the best of Sporcle when you Go Orange. This ad-free experience offers more features, more stats, and more fun while also helping to support Sporcle. Thank you for becoming a member.

Show Comments

Extras

Top Quizzes Today


Score Distribution

Your Account Isn't Verified!

In order to create a playlist on Sporcle, you need to verify the email address you used during registration. Go to your Sporcle Settings to finish the process.

Report this User

Report this user for behavior that violates our Community Guidelines.

Details: